|
|
|
|
| LEADER |
00000nam0a2200000 4500 |
| 001 |
8157 |
| 005 |
20231101204600.0 |
| 010 |
|
|
|a 5819100379
|
| 035 |
|
|
|a (RuTPU)RU\TPU\book\8203
|
| 035 |
|
|
|a BOOK00008262
|
| 090 |
|
|
|a 8157
|
| 100 |
|
|
|a 20011209d1998 m y0rusy50 ca
|
| 101 |
1 |
|
|a rus
|c fre
|
| 102 |
|
|
|a RU
|
| 105 |
|
|
|a y z 000gy
|
| 200 |
1 |
|
|a Романсы без слов
|e Сборник
|e пер. с фр.
|f П. Верлен
|
| 210 |
|
|
|a Санкт-Петербург
|c Терция
|d 1998
|c Кристалл
|
| 215 |
|
|
|a 448 с.
|
| 225 |
1 |
|
|a Библиотека мировой литературы
|
| 225 |
1 |
|
|a Малая серия
|
| 610 |
1 |
|
|a стихотворения
|
| 610 |
1 |
|
|a романсы
|
| 675 |
|
|
|a 84
|v 3
|
| 700 |
|
1 |
|a Верлен
|b П.
|c французский поэт
|c символист
|f 1844-1896
|g Поль
|2 stltpush
|3 (RuTPU)RU\TPU\pers\15889
|9 5544
|
| 801 |
|
0 |
|a RU
|b 63413507
|c 20011209
|g PSBO
|
| 801 |
|
2 |
|a RU
|b 63413507
|c 20140227
|g PSBO
|
| 942 |
|
|
|c BK
|